Statistiques concernant Régions aux pays n°6

Cliquez ici pour prendre le quiz!

Statistiques générales

  • Ce quiz a été pris 128 fois
  • Le résultat moyen est 13 sur 15

Statistiques - réponses

RegionPays% Correct
GroenlandDanemark
98%
OklahomaEtats-Unis
98%
MartiniqueFrance
98%
CrèteGrèce
98%
HonshuJapon
96%
SichuanChine
92%
YucatánMexique
91%
PondichéryInde
86%
CeutaEspagne
85%
CalabreItalie
82%
Port-SaïdEgypte
81%
région de MarmaraTurquie
72%
Îles CaïmansRoyaume-Uni
67%
ThuringeAllemagne
64%
État libre d'OrangeAfrique du sud
45%

Distribution des résultats

Percentile par nombre de réponses

% des personnes avec chaque résultat

Votre développement - résultats

Vous n’avez pas pris ce quiz